000 00684nam a2200289Ia 4500
005 20260324141454.0
008 008 260324s9999 xx 000 0 eng d
020 _a9781315821795
037 _aEBOOK
040 _aCRL
040 _beng
040 _cCRL
041 _2eng
041 _aeng
084 _qCRL
100 _aBarry Stimmel
_91208318
245 0 _aDrug Abuse and Social Policy in America
245 4 _bThe War That Must Be Won
260 _bTaylor and Francis
260 _c1997
365 _a
365 _b99.99
856 _uhttp://www.taylorfrancis.com/books/9781315821795
942 _cEBOOK
999 _c1811450
_d1811450